000 00762nam a2200205 a 4500
001 000040038
005 20201002033859.0
008 130802s2011 mx 000 0 spa d
020 _a9789703207824
040 _aDO-SdBNP
_bspa
_cBNPHU
100 1 _aHazlitt, William,
_d1778-1830
_966282
245 1 0 _aEl arte de caminar /
_cWilliam Hazlitt, Robert Louis Stevenson ; presentación de Hernán Lara Zavala.
260 _aMéxico :
_bUniversidad Nacional Autónoma de México,
_c2011.
300 _a51 p. ;
_c16 cm.
490 1 _aPequeños grandes ensayos
_v11
500 _aSegunda reimpresión 2011
700 1 _aLara Zavala, Hernán
_epres.
_966283
710 2 _aUniversidad Nacional Autónoma de México
_942447
830 0 _aPequeños grandes ensayos
_v11
_966274
999 _c39528
_d39528